Capitals in Europe by Clicking - Statistics

General Stats
  • This quiz has been taken 119 times
  • The average score is 37 of 45
Answer Stats
Hint Answer % Correct
Germany Berlin
100%
Netherlands Amsterdam
98%
Sweden Stockholm
98%
Ireland Dublin
97%
United Kingdom London
97%
Norway Oslo
97%
France Paris
97%
Belgium Brussels
95%
Denmark Copenhagen
95%
Vatican City Vatican City
95%
Luxembourg Luxembourg
94%
Monaco Monaco
94%
Italy Rome
94%
San Marino San Marino
94%
Poland Warsaw
94%
Finland Helsinki
92%
Spain Madrid
92%
Andorra Andorra La Vella
91%
Portugal Lisbon
91%
Russia Moscow
91%
Iceland Reykjavik
91%
Greece Athens
89%
Switzerland Bern
89%
Austria Vienna
89%
Ukraine Kyiv
88%
Hungary Budapest
86%
Czech Republic Prague
84%
Malta Valetta
80%
Romania Bucharest
78%
Belarus Minsk
73%
Bosnia & Herzegovina Sarajevo
72%
Estonia Talinn
72%
Croatia Zagreb
70%
Serbia Belgrade
69%
Latvia Riga
69%
Liechtenstein Vaduz
69%
Lithuania Vilnius
69%
Bulgaria Sofia
67%
Albania Tirana
67%
Slovakia Bratislava
66%
Moldova Chisinau
66%
Montenegro Podgorica
66%
North Macedonia Skopje
63%
Kosovo Pristina
59%
Slovenia Ljubljana
58%
No matching quizzes found
Score Distribution
Percent of People with Each Score
Percentile by Number Answered
Your Score History
You have not taken this quiz